| 000 | 00536nam a22001817a 4500 | ||
|---|---|---|---|
| 005 | 20140704105254.0 | ||
| 010 | _aENG-109864 | ||
| 020 |
_c100.00 _a9789350450185 |
||
| 035 | _aEN-93397 | ||
| 037 | _bDBAD/PUB | ||
| 082 | _a881 | ||
| 100 | _aNandrajog, Divyam | ||
| 245 | 0 | 0 |
_aChild of liberty : _cby Divyam Nandrajog _bintrospections of a wandering mind / |
| 260 |
_aCalcatta _bWriters Workshop _c2011 |
||
| 270 |
_a162/92 Lake Gardens _bCalcutta _e700045 |
||
| 300 |
_a87p. _c22cm(Hb) |
||
| 942 |
_2ddc _cEN _mNAN _h881 |
||
| 999 |
_c84022 _d84022 |
||